000
00289nam a22001337a 4500
008
170320b xxu||||| |||| 00| 0 eng d
020
_a
0716719738
041
_a
eng
080
_2
3 ED
_a
616.8
100
_a
7
101
_a
SHM
245
_a
HUMAN NEUROPSYCHOLOGY
_c
KOLB.B
942
_2
udc
_c
BK
999
_c
8090
_d
8090